000 01006cam a22001934a 4500
005 20250605164216.0
008 250528s ||||||||||||||||||||||||d
035 _a20457
020 _a415105625
040 _aGR-AtMCL
_bgre
_dGR-AtMCL
_eAACR2
245 1 _aThe Parameters of Postmodernism
260 _bRouledge,
_c1993
300 _a184
520 _aThis book demonstrates how contemporary artistic creativity discredits popular apocalyptic theories. Preface, Acknowledgements, Anti-Art or Ante-Art, Benjamin and the Loss of Aura, Warhol and the Grin of the Text, Cage and the Antilogic of the Text, Postmodernism's Purist Aesthetic, Conz and the New Saints of the Avant-Garde, Rainer and the Re-turn to Identity, Grass and the Destruction of Mankind, Beyond the Disappearance of Value: Anderson and Acker, Independent Internationalism: Finlay and Lax, The Modes of Modernism and Postmodernism, Index.
700 1 _aZurbrugg Nicholas
_96444
942 _cBK
999 _c5561
_d5561